|
|
|
|
| LEADER |
02313cam a2200625 a 4500 |
| 001 |
nkc20122340264 |
| 003 |
CZ PrNK |
| 005 |
20170128235007.0 |
| 007 |
ta |
| 008 |
120103s2011 xr f 001 0 cze |
| 015 |
|
|
|a cnb002340264
|
| 020 |
|
|
|a 978-80-7007-362-9
|q (váz.)
|
| 035 |
|
|
|a (OCoLC)791316560
|
| 040 |
|
|
|a PNA001
|b cze
|d ABA001
|d OLA001
|
| 041 |
0 |
|
|a cze
|b chi
|b eng
|
| 072 |
|
7 |
|a 321
|x Politologie
|2 Konspekt
|9 15
|
| 080 |
|
|
|a 316.32
|2 MRF
|
| 080 |
|
|
|a 321
|2 MRF
|
| 080 |
|
|
|a 316.257
|2 MRF
|
| 080 |
|
|
|a 32:1
|2 MRF
|
| 080 |
|
|
|a 177.9
|2 MRF
|
| 080 |
|
|
|a 364.614.8
|2 MRF
|
| 080 |
|
|
|a (048.8)
|2 MRF
|
| 100 |
1 |
|
|a Hrubec, Marek,
|d 1968-
|7 xx0024851
|4 aut
|
| 245 |
1 |
0 |
|a Od zneuznání ke spravedlnosti :
|b kritická teorie globální společnosti a politiky /
|c Marek Hrubec
|
| 250 |
|
|
|a Vyd. 1.
|
| 260 |
|
|
|a Praha :
|b Filosofia,
|c 2011
|
| 300 |
|
|
|a 562 s. ;
|c 20 cm
|
| 490 |
1 |
|
|a Filosofie a sociální vědy ;
|v sv. 40
|
| 504 |
|
|
|a Obsahuje bibliografii, bibliografické odkazy a rejstříky
|
| 546 |
|
|
|a Anglické a čínské resumé
|
| 550 |
|
|
|a Vydavatel: Filosofický ústav AV ČR
|
| 650 |
0 |
7 |
|a globální společnost
|7 ph134656
|2 czenas
|
| 650 |
0 |
7 |
|a liberalismus
|7 ph115136
|2 czenas
|
| 650 |
0 |
7 |
|a kritická teorie
|7 ph121960
|2 czenas
|
| 650 |
0 |
7 |
|a politická filozofie
|7 ph115786
|2 czenas
|
| 650 |
0 |
7 |
|a spravedlnost
|7 ph125972
|2 czenas
|
| 650 |
0 |
7 |
|a sociální spravedlnost
|7 ph125813
|2 czenas
|
| 650 |
0 |
9 |
|a global governance
|2 eczenas
|
| 650 |
0 |
9 |
|a liberalism
|2 eczenas
|
| 650 |
0 |
9 |
|a critical theory
|2 eczenas
|
| 650 |
0 |
9 |
|a political philosophy
|2 eczenas
|
| 650 |
0 |
9 |
|a justice
|2 eczenas
|
| 650 |
0 |
9 |
|a social justice
|2 eczenas
|
| 655 |
|
7 |
|a monografie
|7 fd132842
|2 czenas
|
| 655 |
|
9 |
|a monographs
|2 eczenas
|
| 710 |
2 |
|
|a Filosofický ústav (Akademie věd ČR)
|7 kn20010709007
|
| 830 |
|
0 |
|a Filosofie a sociální vědy
|0 s
|
| 856 |
4 |
1 |
|u http://www.digitalniknihovna.cz/mzk/uuid/uuid:a2112300-d63d-11e6-8a71-005056827e52
|y Digitalizovaný dokument
|x NDK
|
| 910 |
2 |
|
|a BOA001
|b 1-1282.047
|
| 990 |
|
|
|a BK
|
| 995 |
|
|
|a 01
|
| 991 |
|
|
|b 201203
|c NOV
|j 321 HRU
|e n
|
| 996 |
6 |
|
|b 2610502550
|c 1-1282.047
|l MZK
|r HSS 4p
|n 0
|p p.v.
|h 321 HRU
|w 001229257
|u 000010
|a 0
|e BOA001
|j MZK50
|s P
|
| 996 |
6 |
|
|b 2610531280
|c 1-1282.047
|l MZK
|r Sklad / do 1 hodiny
|n 3
|p kup
|w 001229257
|u 000020
|a 1
|e BOA001
|j MZK50
|s P
|